| 000 | 00527nam a2200181Ia 4500 | ||
|---|---|---|---|
| 005 | 20250507130157.0 | ||
| 008 | 008 250505s9999 xx 000 0 eng d | ||
| 037 | _aSeries Article | ||
| 040 |
_aEASL _beng _cEASL |
||
| 041 |
_aeng _2eng |
||
| 084 | _qEASL | ||
| 245 | 0 | _aHong Kong's stunted political party system Lau Siu-kai and Kuan Hsin-chi | |
| 260 |
_aUK _bLondon School of Oriental & African Studies UK _c2002 |
||
| 300 | _a1010-1028 | ||
| 650 | _aChina | ||
| 942 | _cSRA | ||
| 999 |
_c1318127 _d1318127 |
||